000 02191nam a22002417a 4500
005 20240923145553.0
008 240923b ||||| |||| 00| 0 eng d
020 _a9789389143515
040 _cAL
041 _aEnglish
082 _223
_a158.1
_bGOTM
100 _aLori Gottlieb
_9180003
245 _aMaybe You Should Talk to Someone : A therapist her terapist and our lives revealed
260 _aUttar Pradesh
_bManjul Publishing House Pvt Ltd
_c2019
300 _a415 p.
_bPB
_c23x15 cm.
365 _a3758
_b₹639.00
_c
_d₹799.00
_e20%
_f11-09-2024
520 _aEver wonder what your therapist is thinking? Now you can find out, as therapist and 'New York Times' bestselling author Lori Gottlieb takes us behind the scenes of her practice - where her patients are looking for answers (and so is she). When a personal crisis causes her world to come crashing down, Lori Gottlieb - an experienced therapist with a thriving practice in Los Angeles - is suddenly adrift. Enter Wendell, himself a veteran therapist with an unconventional style, whose sessions with Gottlieb will prove transformative for her. As Gottlieb explores the inner chambers of her own patients lives- a self-absorbed Hollywood producer, a young newlywed diagnosed with a terminal illness, a senior citizen who feels she has nothing to live for, and a self-destructive twenty-something who cant stop hooking up with the wrong guys she finds that the questions they are struggling with are the very questions she is bringing to Wendell. Taking place over one year, and beginning with the devastating event that lands her in Wendells office, 'Maybe You Should Talk to Someone' offers a rare and candid insight into a profession that is conventionally bound with rules and secrecy. Told with charm and compassion, vulnerability and humour, its also the story of an incredible relationship between two therapists, and a disarmingly funny and illuminating account of our own mysterious inner lives, as well as our power to transform them.
650 _aTherapist
_9180004
650 _aPsychology
_9180005
650 _apsychotherapist
_9180006
700 _aGOTTLIEB (Lori)
_9180007
942 _2ddc
_cBK
999 _c231877
_d231877